000
00361nam a2200169Ia 4500
100
_a
Holdsworth/B/ Woods/C
650
_a
Logic Design
942
_c
BK
366
_f
15
654
_a
logic design
245
_a
Digital Logic Design
260
_b
Elsevier
_a
Mumbai
_c
2002
082
_a
621.395/HOL
_b
HOL
300
_a
519
546
_a
ENGLISH
999
_c
32968
_d
32968